000 00503nam a2200181Ia 4500
008 131103s9999 xx 000 0 und d
020 _cRs.2
040 _aLoreto College
041 _aEnglish
082 _a954.03/DAS
_bLCLIB/11037
100 _aDasgupta,Hemendranath
245 _aDeshbandhu Chittaranjan Das
_cHemendranath Dasgupta
260 _aDelhi
_bThe publications Division
_c1960 (Pause 1881)
300 _ax,234 p.
_c 18 cm.
650 _aModern History
850 _aLCLIB
942 _cBK
999 _c9668
_d60147